书目信息 |
| 题名: |
执法与处罚的行政权重构
|
|
| 作者: | 关保英 著 | |
| 分册: | ||
| 出版信息: | 北京 法律出版社 2004.03 |
|
| 页数: | 260页 | |
| 开本: | 21cm | |
| 丛书名: | 行政法学系列丛书 | |
| 单 册: | ||
| 中图分类: | D922.110.4 | |
| 科图分类: | ||
| 主题词: | 行政执法--研究--中国 , 行政处罚--研究--中国 | |
| 电子资源: | ||
| ISBN: | 7-5036-4601-2 | |
| 000 | 01048nam2 2200265 450 | |
| 001 | 0139220003 | |
| 005 | 20050905163939.51 | |
| 010 | @a7-5036-4601-2@dCNY17.00 | |
| 100 | @a20050103d2004 km y0chiy0120 ea | |
| 101 | 0 | @achi |
| 102 | @aCN@b110000 | |
| 105 | @ay z 000yy | |
| 200 | 1 | @a执法与处罚的行政权重构@Azhi fa yu chu fa de xing zheng quan zhong gou@d= Construction of adimiistrative power over law enforcement and penalty@f关保英著@Fguan bao ying zhu@zeng |
| 210 | @a北京@c法律出版社@d2004.03 | |
| 215 | @a260页@d21cm | |
| 225 | 2 | @a行政法学系列丛书 |
| 330 | @a本书对“行政综合执法与相对集中行政处罚权”的研究进行探讨,对此制度在操作层面的问题进行架构,从理论、规范、运作三个方面进行系统的介绍。 | |
| 410 | 0 | @12001 @a行政法学系列丛书 |
| 510 | 1 | @aConstruction of adimiistrative power over law enforcement and penalty@zeng |
| 606 | 0 | @a行政执法@x研究@y中国 |
| 606 | 0 | @a行政处罚@x研究@y中国 |
| 690 | @aD922.110.4@v4 | |
| 701 | 0 | @a关保英@Aguan bao ying@4著 |
| 801 | 0 | @aCN@bQSSK@c20050905 |
| 905 | @a10447@dD922.110.4@eG542 | |
| 执法与处罚的行政权重构= Construction of adimiistrative power over law enforcement and penalty/关保英著.-北京:法律出版社,2004.03 |
| 260页;21cm.-(行政法学系列丛书) |
| ISBN 7-5036-4601-2:CNY17.00 |
| 本书对“行政综合执法与相对集中行政处罚权”的研究进行探讨,对此制度在操作层面的问题进行架构,从理论、规范、运作三个方面进行系统的介绍。 |
| ● |
| 相关链接 |
|
|
|
正题名:执法与处罚的行政权重构
索取号:D922.110.4/G542
 
预约/预借
| 序号 | 登录号 | 条形码 | 馆藏地/架位号 | 状态 | 备注 |
| 1 | 528522 | 205285225 | 社科库509/509社科库 84排8列6层/ [索取号:D922.110.4/G542] | 在馆 | |
| 2 | 528523 | 205285234 | 社科库509/509社科库 84排8列6层/ [索取号:D922.110.4/G542] | 在馆 | |
| 3 | 528524 | 205285243 | 社科库509/509社科库 84排8列6层/ [索取号:D922.110.4/G542] | 在馆 |